Photogrammetric Engineering and Remote Sensing (Record no. 118549)

MARC details
000 -LEADER
fixed length control field 00701cas a22002175a 4500
001 - CONTROL NUMBER
control field L221
008 - FIXED-LENGTH DATA ELEMENTS--GENERAL INFORMATION
fixed length control field 070628c1975 xxumr p 0 a0eng
022 1# - INTERNATIONAL STANDARD SERIAL NUMBER
International Standard Serial Number 0099-1112
035 ## - SYSTEM CONTROL NUMBER
System control number (Sirsi) u98863
041 0# - LANGUAGE CODE
Language code of text/sound track or separate title eng
110 2# - MAIN ENTRY--CORPORATE NAME
Corporate name or jurisdiction name as entry element American Society for Photogrammetry and Remote Sensing
9 (RLIN) 3484
245 00 - TITLE STATEMENT
Title Photogrammetric Engineering and Remote Sensing
260 ## - PUBLICATION, DISTRIBUTION, ETC.
Place of publication, distribution, etc. Bethesda
Name of publisher, distributor, etc. American Society for Photogrammetry and Remote Sensing
Date of publication, distribution, etc. 1975-
362 ## - DATES OF PUBLICATION AND/OR SEQUENTIAL DESIGNATION
Dates of publication and/or sequential designation 1975-69(2) February 2003
554 ## -
-- 12 per year
651 #4 - SUBJECT ADDED ENTRY--GEOGRAPHIC NAME
Geographic name United States
Chronological subdivision 1959-
690 ## - LOCAL SUBJECT ADDED ENTRY--TOPICAL TERM (OCLC, RLIN)
Topical term or geographic name as entry element ENVIRONMENTAL AND LAND SURVEYING-GEOMATICS-LAND SURVEYING
780 00 - PRECEDING ENTRY
Title Photogrammetric Engineering
942 ## - ADDED ENTRY ELEMENTS (KOHA)
Suppress in OPAC 0
948 ## - LOCAL PROCESSING INFORMATION (OCLC); SERIES PART DESIGNATOR (RLIN)
c (OCLC) 19/07/1994
Holdings
Withdrawn status Lost status Source of classification or shelving scheme Damaged status Not for loan Home library Current library Shelving location Date acquired Total Checkouts Full call number Barcode Date last seen Price effective from Koha item type
    Dewey Decimal Classification     London London Basement 21/09/2005   PHOTOGRAMMETRIC ENGINEERING AND REMOTE S 98863-2001 06/08/2019 06/08/2019 Journal